000 01777nam0a2200349 4500
001 RU\NLR\bibl\812293
005 20260406023250.0
010 _a5-211-06044-X
_91000
021 _aRU
_b2005-15068
_9763
035 _a(NLR Aleph) 000801350
090 _a1183254
_c1183254
100 _a20050622d2004 u y0rusy50 ca
101 0 _arus
102 _aRU
105 _aa |||||||||
200 1 _aИстория профсоюзной организации Московского университета
_f[Е.К. Бакланова, С.В. Бибик, Е.А. Дмитриева и др.]
_gпод общ. ред. И.Б. Котлобовского
210 _aМосква
_cИзд-во Московского университета
_d2004
215 _a243,[37] с.
_cил., портр.
_d22
300 _aНа обл.: МГУ им. М.В. Ломоносова. 250 лет
320 _aБиблиогр.: с. 243 (25 назв.)
601 0 2 _aМГУ им. М.В. Ломоносова
_bОбъединенный профсоюзный комитет
_xИстория
_92399893
_3RU\NLR\AUTH\661430617
686 _aФ72(2)925.13
701 1 _aБакланова
_bЕ. К.
_4070
701 1 _aБибик
_bС. В.
_4070
701 1 _4070
_8rus
_7ca
_aДмитриева
_bЕ. А.
_cисторик
_3RU\NLR\AUTH\7730597
_913615
702 1 _4340
_8rus
_7ca
_aКотлобовский
_bИ. Б.
_f1950-
_gИгорь Борисович
_3RU\NLR\auth\77124812
_9107737
801 0 _aRU
_bNLR
_c20050622
_grcr
801 1 _aRU
_bNLR
_c20050622
942 _cBOOK
980 _aNB